[Event "Aarhus Sommer"]
[Site "Aarhus"]
[Date "2010.07.16"]
[Round "7"]
[White "Andersen, Jackie"]
[Black "Matthiesen, Arne"]
[Result "1-0"]
[WhiteElo "2276"]
[BlackElo "2321"]
[PlyCount "103"]
[EventDate "2010.07.10"]
[EventType "tourn"]
[EventRounds "9"]
[EventCountry "DEN"]
[EventCategory "4"]
[SourceTitle "CBM 137 Extra"]
[Source "ChessBase"]
[SourceDate "2010.09.01"]

1. f4 b6 2. Nc3 d5 3. Nf3 Bb7 4. e3 g6 5. Bb5+ c6 6. Be2 Bg7 7. O-O Nf6 8. d3
O-O 9. Qe1 c5 10. Qh4 Nc6 11. Nd1 Rc8 12. a3 e6 13. Nf2 Qe7 14. g4 Nd7 15. g5
f5 16. gxf6 Bxf6 17. Ng5 h5 18. Nfh3 Rf7 19. c3 Nf8 20. d4 Qd7 21. Qf2 Rg7 22.
Nf3 Nh7 23. Ne5 Qc7 24. Bf3 Rf8 25. Nxc6 Bxc6 26. Kh1 Bb5 27. Rd1 Be7 28. a4
Bc4 29. Qc2 g5 30. Bxh5 g4 31. Nf2 Nf6 32. Bg6 Bb3 33. Qxb3 Rxg6 34. Qc2 Kf7
35. Rg1 Rh8 36. Rg3 Bd6 37. a5 b5 38. h3 cxd4 39. Qd3 Rgh6 40. cxd4 gxh3 41.
Bd2 h2 42. Rc1 Qb8 43. Nh3 Rg8 44. Ng5+ Ke7 45. Rg2 Qe8 46. Qb3 Nh7 47. Bb4 Qd8
48. Rc6 Nxg5 49. Rxd6 Qc8 50. Rc6+ Kd7 51. Rxc8 Rxc8 52. Bc5 1-0

[Event "Aarhus Sommer"]
[Site "Aarhus"]
[Date "2010.07.18"]
[Round "9"]
[White "Andersen, Jackie"]
[Black "Rewitz, Poul"]
[Result "1-0"]
[WhiteElo "2276"]
[BlackElo "2306"]
[PlyCount "133"]
[EventDate "2010.07.10"]
[EventType "tourn"]
[EventRounds "9"]
[EventCountry "DEN"]
[EventCategory "4"]
[SourceTitle "CBM 137 Extra"]
[Source "ChessBase"]
[SourceDate "2010.09.01"]

1. c4 b6 2. Nc3 Bb7 3. d4 e6 4. a3 d5 5. Nf3 Nd7 6. Bf4 a6 7. cxd5 exd5 8. e3
Ngf6 9. Bd3 c5 10. dxc5 Nxc5 11. O-O Be7 12. Rc1 O-O 13. Bb1 Rc8 14. Nd4 Nce4
15. Nxe4 Nxe4 16. Nf5 Bf6 17. f3 Rxc1 18. Qxc1 Nc5 19. Rd1 g6 20. Nd6 Ba8 21.
e4 Ne6 22. e5 Nxf4 23. Qxf4 Bg5 24. Qg4 Be3+ 25. Kh1 Qg5 26. Qxg5 Bxg5 27. Ba2
Bf4 28. Bxd5 Bxd5 29. Rxd5 Rd8 30. g3 Bc1 31. f4 Bxb2 32. a4 Ba3 33. Ne4 Rxd5
34. Nf6+ Kf8 35. Nxd5 b5 36. axb5 axb5 37. Kg2 b4 38. Kf3 b3 39. Ke4 h5 40. Kd3
Bc5 41. Kc3 Bg1 42. h3 Bh2 43. g4 hxg4 44. hxg4 g5 45. f5 Bxe5+ 46. Kxb3 f6 47.
Kc4 Kf7 48. Kc5 Bh2 49. Kc6 Be5 50. Kd7 Bd4 51. Nc7 Ba1 52. Ne8 Bb2 53. Nd6+
Kg7 54. Ke7 Ba3 55. Ke6 Bb2 56. Ne8+ Kf8 57. Nxf6 Kg7 58. Nd7 Ba3 59. f6+ Kh6
60. Kf5 Bf8 61. Ne5 Kh7 62. Kxg5 Ba3 63. Kf5 Kg8 64. g5 Bb4 65. g6 Ba3 66. g7
Kh7 67. Ng6 1-0

[Event "Aarhus Sommer"]
[Site "Aarhus"]
[Date "2010.07.12"]
[Round "3"]
[White "Andersen, Jackie"]
[Black "Matthiesen, Martin"]
[Result "1-0"]
[WhiteElo "2276"]
[BlackElo "2304"]
[PlyCount "51"]
[EventDate "2010.07.10"]
[EventType "tourn"]
[EventRounds "9"]
[EventCountry "DEN"]
[EventCategory "4"]
[SourceTitle "CBM 137 Extra"]
[Source "ChessBase"]
[SourceDate "2010.09.01"]

1. c4 Nf6 2. Nc3 g6 3. e3 Bg7 4. g4 h6 5. Bg2 d6 6. h3 c5 7. a3 Na6 8. Nge2 Nc7
9. b4 O-O 10. d4 Nd7 11. O-O Rb8 12. Ra2 b5 13. dxc5 dxc5 14. Rd2 e6 15. Bc6
Qh4 16. Bxd7 cxb4 17. axb4 bxc4 18. Bxc8 Rfxc8 19. Kg2 Rxb4 20. Nd4 Rbb8 21.
Ba3 Bxd4 22. Rxd4 Nb5 23. Nxb5 Rxb5 24. Rd7 Qf6 25. Be7 Qg7 26. Rd8+ 1-0

[Event "Aarhus Sommer"]
[Site "Aarhus"]
[Date "2010.07.14"]
[Round "5"]
[White "Andersen, Jackie"]
[Black "Gesser, Bella"]
[Result "1/2-1/2"]
[WhiteElo "2276"]
[BlackElo "2276"]
[PlyCount "108"]
[EventDate "2010.07.10"]
[EventType "tourn"]
[EventRounds "9"]
[EventCountry "DEN"]
[EventCategory "4"]
[SourceTitle "CBM 137 Extra"]
[Source "ChessBase"]
[SourceDate "2010.09.01"]

1. c4 e5 2. Nc3 d6 3. Nf3 Nf6 4. d4 Nbd7 5. e4 c6 6. Be2 Be7 7. O-O O-O 8. Rb1
Re8 9. b4 Bf8 10. d5 g6 11. Re1 c5 12. a3 Bg7 13. Nd2 Rf8 14. Nb3 b6 15. Bg5 h6
16. Bh4 Ba6 17. bxc5 bxc5 18. Qc2 Qc7 19. Nb5 Bxb5 20. cxb5 Nh7 21. Bd3 Bf6 22.
Bg3 Bg5 23. Nd2 Nhf6 24. Nc4 Nb6 25. h4 Bf4 26. Bxf4 exf4 27. e5 Nxc4 28. Bxc4
Ng4 29. e6 Ne5 30. Rbd1 f6 31. a4 Qh7 32. Bd3 c4 33. Bf1 g5 34. Rc1 Rfc8 35.
Re4 Rc5 36. Rd4 Qxc2 37. Rxc2 f3 38. Rc3 g4 39. Kh2 Kg7 40. Kg3 fxg2 41. Bxg2
f5 42. f4 gxf3 43. Bxf3 Kf6 44. Bh5 a6 45. bxa6 Ra5 46. Rc2 Rxa4 47. Rf2 Ra3+
48. Kh2 R3xa6 49. Rdf4 Ra2 50. Rxf5+ Ke7 51. Be2 Rg8 52. Kh3 Ra3+ 53. Kh2 Ra2
54. Kh3 Ra3+ 1/2-1/2

[Event "Aarhus Sommer"]
[Site "Aarhus"]
[Date "2010.07.15"]
[Round "6"]
[White "Berg, Klaus"]
[Black "Andersen, Jackie"]
[Result "1/2-1/2"]
[WhiteElo "2423"]
[BlackElo "2276"]
[PlyCount "27"]
[EventDate "2010.07.10"]
[EventType "tourn"]
[EventRounds "9"]
[EventCountry "DEN"]
[EventCategory "4"]
[SourceTitle "CBM 137 Extra"]
[Source "ChessBase"]
[SourceDate "2010.09.01"]

1. d4 Nf6 2. c4 e6 3. Nc3 Bb4 4. Qc2 c5 5. dxc5 Bxc5 6. Nf3 Nc6 7. a3 d5 8.
cxd5 Nxd5 9. Nxd5 Qxd5 10. e4 Qd6 11. Bb5 O-O 12. Bxc6 Qxc6 13. O-O a5 14. e5
1/2-1/2

[Event "Aarhus Sommer"]
[Site "Aarhus"]
[Date "2010.07.13"]
[Round "4"]
[White "Berg, Klaus"]
[Black "Rewitz, Poul"]
[Result "1/2-1/2"]
[WhiteElo "2423"]
[BlackElo "2306"]
[PlyCount "67"]
[EventDate "2010.07.10"]
[EventType "tourn"]
[EventRounds "9"]
[EventCountry "DEN"]
[EventCategory "4"]
[SourceTitle "CBM 137 Extra"]
[Source "ChessBase"]
[SourceDate "2010.09.01"]

1. Nf3 d5 2. g3 g6 3. c4 c6 4. Bg2 Bg7 5. d4 Nf6 6. O-O O-O 7. cxd5 cxd5 8. Nc3
Nc6 9. Ne5 Nxe5 10. dxe5 Ng4 11. Nxd5 Nxe5 12. Bg5 Nc6 13. Nxe7+ Nxe7 14. Qxd8
Rxd8 15. Bxe7 Re8 16. Ba3 Rxe2 17. Bf3 Re8 18. Rfd1 Bf8 19. Bxf8 Kxf8 20. Rac1
Rb8 21. Rc7 Be6 22. a3 a5 23. Rxb7 Rxb7 24. Bxb7 Rb8 25. Bd5 Rxb2 26. Bxe6 fxe6
27. Rd7 h5 28. Ra7 Rb5 29. h4 Rc5 30. Kg2 Rd5 31. a4 Rf5 32. f4 Rc5 33. Kf3 e5
34. fxe5 1/2-1/2

[Event "Aarhus Sommer"]
[Site "Aarhus"]
[Date "2010.07.17"]
[Round "8"]
[White "Berg, Klaus"]
[Black "Skrondal, Inge Sandstad"]
[Result "1-0"]
[WhiteElo "2423"]
[BlackElo "2230"]
[PlyCount "75"]
[EventDate "2010.07.10"]
[EventType "tourn"]
[EventRounds "9"]
[EventCountry "DEN"]
[EventCategory "4"]
[SourceTitle "CBM 137 Extra"]
[Source "ChessBase"]
[SourceDate "2010.09.01"]

1. d4 Nf6 2. Bg5 e6 3. e4 h6 4. Bxf6 Qxf6 5. Nc3 d6 6. Qd2 g6 7. O-O-O Qe7 8.
f4 Bg7 9. Nf3 a6 10. Bd3 c6 11. f5 e5 12. dxe5 dxe5 13. fxg6 fxg6 14. Bc4 Nd7
15. Qd6 Nf8 16. Na4 Be6 17. Bxe6 Nxe6 18. Nh4 Qxd6 19. Rxd6 Ke7 20. Rhd1 Nd4
21. R6xd4 exd4 22. Nxg6+ Kd6 23. Nxh8 Rxh8 24. b4 Rf8 25. Rd3 Rf1+ 26. Kb2 Ke5
27. Nc5 Bf8 28. Rf3 Rxf3 29. gxf3 Be7 30. Nd3+ Kf6 31. f4 Kg6 32. Kb3 Kh5 33.
Kc4 Kg4 34. Kxd4 Kh3 35. e5 Kxh2 36. f5 Kg3 37. f6 Bd8 38. Ke4 1-0

[Event "Aarhus Sommer"]
[Site "Aarhus"]
[Date "2010.07.11"]
[Round "2"]
[White "Berg, Klaus"]
[Black "Matthiesen, Arne"]
[Result "1/2-1/2"]
[WhiteElo "2423"]
[BlackElo "2321"]
[PlyCount "61"]
[EventDate "2010.07.10"]
[EventType "tourn"]
[EventRounds "9"]
[EventCountry "DEN"]
[EventCategory "4"]
[SourceTitle "CBM 137 Extra"]
[Source "ChessBase"]
[SourceDate "2010.09.01"]

1. c4 Nf6 2. Nc3 g6 3. e4 d6 4. d4 Bg7 5. f3 O-O 6. Be3 a6 7. Qd2 Nbd7 8. Nh3
c6 9. Nf2 b5 10. Be2 bxc4 11. Bxc4 a5 12. O-O Nb6 13. Bd3 Ba6 14. Bxa6 Rxa6 15.
Rfc1 Qa8 16. Qe2 Nfd7 17. Nd3 Rc8 18. b3 a4 19. b4 a3 20. Rc2 Qb7 21. Rb1 Na4
22. Rb3 Nxc3 23. Rcxc3 Rca8 24. Ne1 e5 25. b5 cxb5 26. Rxb5 Rb6 27. Rxb6 Qxb6
28. d5 Qb2 29. Rc2 Qb1 30. Rc1 Qb2 31. Rc2 1/2-1/2

[Event "Aarhus Sommer"]
[Site "Aarhus"]
[Date "2010.07.10"]
[Round "1"]
[White "Berg, Klaus"]
[Black "Rasmussen, Karsten"]
[Result "1/2-1/2"]
[WhiteElo "2423"]
[BlackElo "2446"]
[PlyCount "120"]
[EventDate "2010.07.10"]
[EventType "tourn"]
[EventRounds "9"]
[EventCountry "DEN"]
[EventCategory "4"]
[SourceTitle "CBM 137 Extra"]
[Source "ChessBase"]
[SourceDate "2010.09.01"]

1. d4 d5 2. c4 e6 3. Nf3 Nf6 4. cxd5 exd5 5. Nc3 c6 6. Qc2 g6 7. Bg5 Be7 8. e3
Bf5 9. Bd3 Bxd3 10. Qxd3 O-O 11. O-O Nbd7 12. Rfc1 Re8 13. Nd2 Rc8 14. Rab1 Ng4
15. Bxe7 Qxe7 16. h3 Ngf6 17. Na4 Ne4 18. Nxe4 dxe4 19. Qb3 Nf6 20. Rc2 Nd5 21.
a3 Kg7 22. Rbc1 f5 23. Nc3 Rcd8 24. Nxd5 Rxd5 25. Qxd5 cxd5 26. Rc7 Kf6 27.
Rxe7 Rxe7 28. h4 h6 29. Rc8 g5 30. Rd8 gxh4 31. Rxd5 Rc7 32. Rc5 Rxc5 33. dxc5
Ke5 34. Kh2 Kd5 35. Kh3 Kxc5 36. b3 a5 37. Kxh4 a4 38. bxa4 Kc4 39. Kh5 Kd3 40.
Kg6 Ke2 41. Kxf5 Kxf2 42. Kxe4 Kxg2 43. Kf5 h5 44. e4 h4 45. e5 h3 46. e6 h2
47. e7 h1=Q 48. e8=Q Qh3+ 49. Kf6 Qxa3 50. Qe4+ Kf2 51. Ke6 Qe3 52. Kd5 Qxe4+
53. Kxe4 Ke2 54. a5 Kd2 55. Kd4 Kc2 56. Kc4 Kb2 57. Kb4 Kc2 58. Kb5 Kb3 59. Kb6
Ka4 60. Kxb7 Kxa5 1/2-1/2

[Event "Aarhus Sommer"]
[Site "Aarhus"]
[Date "2010.07.14"]
[Round "5"]
[White "Colovic, Aleksandar"]
[Black "Berg, Klaus"]
[Result "1-0"]
[WhiteElo "2452"]
[BlackElo "2423"]
[PlyCount "69"]
[EventDate "2010.07.10"]
[EventType "tourn"]
[EventRounds "9"]
[EventCountry "DEN"]
[EventCategory "4"]
[SourceTitle "CBM 137 Extra"]
[Source "ChessBase"]
[SourceDate "2010.09.01"]

1. d4 d5 2. c4 dxc4 3. e4 e5 4. Nf3 exd4 5. Bxc4 Nc6 6. O-O Be6 7. Bb5 Bc5 8.
b4 Bb6 9. a4 a6 10. Bxc6+ bxc6 11. a5 Ba7 12. Bb2 Nf6 13. Nbd2 O-O 14. Qc2 Re8
15. Rac1 Bg4 16. Qxc6 Bxf3 17. Nxf3 Nxe4 18. Rfe1 Re6 19. Qb7 c6 20. Bxd4 Qb8
21. Qxb8+ Bxb8 22. Bb6 Bf4 23. Nd4 Rh6 24. Rxc6 Bxh2+ 25. Kf1 Nd2+ 26. Ke2 Rxc6
27. Nxc6 Bf4 28. Kd3 f5 29. Ne7+ Kf7 30. Nxf5 Nb3 31. g3 Bg5 32. f4 Bf6 33. Rb1
Ke6 34. Ne3 Na1 35. Ng4 1-0

[Event "Aarhus Sommer"]
[Site "Aarhus"]
[Date "2010.07.10"]
[Round "1"]
[White "Colovic, Aleksandar"]
[Black "Andersen, Jackie"]
[Result "0-1"]
[WhiteElo "2452"]
[BlackElo "2276"]
[PlyCount "56"]
[EventDate "2010.07.10"]
[EventType "tourn"]
[EventRounds "9"]
[EventCountry "DEN"]
[EventCategory "4"]
[SourceTitle "CBM 137 Extra"]
[Source "ChessBase"]
[SourceDate "2010.09.01"]

1. d4 g6 2. e4 Bg7 3. Nc3 d6 4. Be3 Nd7 5. Qd2 a6 6. Bd3 c5 7. Nf3 cxd4 8. Nxd4
Ngf6 9. Bh6 Bxh6 10. Qxh6 Qb6 11. Nce2 e5 12. Nb3 Qxf2+ 13. Kxf2 Ng4+ 14. Kg3
Nxh6 15. Rhf1 f5 16. exf5 gxf5 17. Bxf5 Rg8+ 18. Kh4 Rxg2 19. Rae1 Nxf5+ 20.
Rxf5 Nf8 21. Rff1 Ng6+ 22. Kh5 Bg4+ 23. Kh6 Bxe2 24. Rg1 Rxh2+ 25. Kg7 Ke7 26.
Rh1 Rg2 27. Reg1 Rxg1 28. Rxg1 Rf8 0-1

[Event "Aarhus Sommer"]
[Site "Aarhus"]
[Date "2010.07.12"]
[Round "3"]
[White "Colovic, Aleksandar"]
[Black "Skrondal, Inge Sandstad"]
[Result "1/2-1/2"]
[WhiteElo "2452"]
[BlackElo "2230"]
[PlyCount "60"]
[EventDate "2010.07.10"]
[EventType "tourn"]
[EventRounds "9"]
[EventCountry "DEN"]
[EventCategory "4"]
[SourceTitle "CBM 137 Extra"]
[Source "ChessBase"]
[SourceDate "2010.09.01"]

1. d4 Nf6 2. c4 e6 3. g3 d5 4. Bg2 dxc4 5. Nf3 b5 6. Ne5 Nd5 7. Nc3 c6 8. a4 f6
9. Nf3 b4 10. Ne4 a5 11. Qc2 Ba6 12. O-O Nd7 13. Bh3 Qe7 14. Rd1 Qf7 15. Bf4 b3
16. Qd2 Bb4 17. Nd6+ Ke7 18. Nxf7 Bxd2 19. Bxd2 Kxf7 20. Bxa5 c3 21. e4 cxb2
22. Rab1 Be2 23. exd5 Bxf3 24. dxe6+ Kg6 25. Re1 Rxa5 26. exd7 Rxa4 27. Rxb2
Bd5 28. Re8 Ra8 29. Rxh8 Rxh8 30. Bg2 Bxg2 1/2-1/2

[Event "Aarhus Sommer"]
[Site "Aarhus"]
[Date "2010.07.16"]
[Round "7"]
[White "Colovic, Aleksandar"]
[Black "Lahlum, Hans Olav"]
[Result "1-0"]
[WhiteElo "2452"]
[BlackElo "2230"]
[PlyCount "39"]
[EventDate "2010.07.10"]
[EventType "tourn"]
[EventRounds "9"]
[EventCountry "DEN"]
[EventCategory "4"]
[SourceTitle "CBM 137 Extra"]
[Source "ChessBase"]
[SourceDate "2010.09.01"]

1. d4 d5 2. c4 c6 3. Nc3 e6 4. e3 Nf6 5. Nf3 Nbd7 6. Bd3 dxc4 7. Bxc4 b5 8. Be2
a6 9. O-O Be7 10. e4 b4 11. e5 bxc3 12. exf6 Bxf6 13. bxc3 O-O 14. Rb1 Qc7 15.
Qd3 Re8 16. Ng5 g6 17. Qf3 e5 18. Bc4 Re7 19. Ba3 Nb6 20. Qxf6 1-0

[Event "Aarhus Sommer"]
[Site "Aarhus"]
[Date "2010.07.15"]
[Round "6"]
[White "Gesser, Bella"]
[Black "Matthiesen, Martin"]
[Result "1-0"]
[WhiteElo "2276"]
[BlackElo "2304"]
[PlyCount "39"]
[EventDate "2010.07.10"]
[EventType "tourn"]
[EventRounds "9"]
[EventCountry "DEN"]
[EventCategory "4"]
[SourceTitle "CBM 137 Extra"]
[Source "ChessBase"]
[SourceDate "2010.09.01"]

1. d4 d5 2. c4 c6 3. Nf3 Nf6 4. e3 Bg4 5. h3 Bxf3 6. Qxf3 e6 7. Bd3 Bb4+ 8. Nc3
c5 9. O-O Nc6 10. Qg3 O-O 11. cxd5 exd5 12. Rd1 Qe7 13. Bd2 Rfd8 14. dxc5 Bxc5
15. Ne2 d4 16. exd4 Nxd4 17. Nc3 Rd6 18. Bg5 h6 19. Bxf6 Rxf6 20. Nd5 1-0

[Event "Aarhus Sommer"]
[Site "Aarhus"]
[Date "2010.07.18"]
[Round "9"]
[White "Gesser, Bella"]
[Black "Berg, Klaus"]
[Result "1/2-1/2"]
[WhiteElo "2276"]
[BlackElo "2423"]
[PlyCount "39"]
[EventDate "2010.07.10"]
[EventType "tourn"]
[EventRounds "9"]
[EventCountry "DEN"]
[EventCategory "4"]
[SourceTitle "CBM 137 Extra"]
[Source "ChessBase"]
[SourceDate "2010.09.01"]

1. d4 Nf6 2. c4 e6 3. Nc3 Bb4 4. Qc2 O-O 5. Bg5 c5 6. dxc5 Na6 7. a3 Bxc3+ 8.
Qxc3 Nxc5 9. Bxf6 Qxf6 10. Qxf6 gxf6 11. b4 Na4 12. e3 b6 13. O-O-O a5 14. Kc2
Rd8 15. Nf3 Bb7 16. Rd6 Kf8 17. Be2 Ke7 18. Rhd1 axb4 19. axb4 Rac8 20. Kb3
1/2-1/2

[Event "Aarhus Sommer"]
[Site "Aarhus"]
[Date "2010.07.13"]
[Round "4"]
[White "Gesser, Bella"]
[Black "Colovic, Aleksandar"]
[Result "0-1"]
[WhiteElo "2276"]
[BlackElo "2452"]
[PlyCount "92"]
[EventDate "2010.07.10"]
[EventType "tourn"]
[EventRounds "9"]
[EventCountry "DEN"]
[EventCategory "4"]
[SourceTitle "CBM 137 Extra"]
[Source "ChessBase"]
[SourceDate "2010.09.01"]

1. d4 Nf6 2. c4 c5 3. d5 e6 4. Nc3 exd5 5. cxd5 d6 6. e4 g6 7. Bd3 Bg7 8. h3
O-O 9. Nf3 a6 10. a4 Nh5 11. O-O Nd7 12. Be2 Re8 13. Be3 Bxc3 14. bxc3 Nhf6 15.
Qc2 Nxe4 16. c4 Ng3 17. Rfe1 Nxe2+ 18. Rxe2 f6 19. Nh4 Nf8 20. Qd3 Bd7 21. Rb2
b6 22. Bd2 Rb8 23. Bc3 Kf7 24. Qg3 g5 25. Nf3 Bf5 26. h4 h6 27. hxg5 hxg5 28.
Nxg5+ fxg5 29. Qf3 Kg6 30. g4 Qd7 31. gxf5+ Qxf5 32. Qg3 Qf4 33. Qd3+ Qf5 34.
Qg3 Qf4 35. Qd3+ Kf7 36. Rab1 Re4 37. Rxb6 Rxb6 38. Rxb6 Ng6 39. Rb7+ Ke8 40.
Rb8+ Kf7 41. Rb7+ Ke8 42. Rh7 Nh4 43. Rh8+ Kf7 44. Rh7+ Kg6 45. Rxh4 gxh4 46.
f3 Qe3+ 0-1

[Event "Aarhus Sommer"]
[Site "Aarhus"]
[Date "2010.07.11"]
[Round "2"]
[White "Gesser, Bella"]
[Black "Lahlum, Hans Olav"]
[Result "1/2-1/2"]
[WhiteElo "2276"]
[BlackElo "2230"]
[PlyCount "46"]
[EventDate "2010.07.10"]
[EventType "tourn"]
[EventRounds "9"]
[EventCountry "DEN"]
[EventCategory "4"]
[SourceTitle "CBM 137 Extra"]
[Source "ChessBase"]
[SourceDate "2010.09.01"]

1. d4 d5 2. c4 e6 3. Nf3 c6 4. e3 Nf6 5. Bd3 dxc4 6. Bxc4 Bd6 7. Qc2 Nbd7 8.
O-O O-O 9. Nbd2 e5 10. dxe5 Nxe5 11. Nxe5 Bxe5 12. Nf3 Bc7 13. h3 Qe7 14. b3
Be6 15. Bb2 Bxc4 16. Qxc4 Ne4 17. Rad1 Rfd8 18. Rd4 Rxd4 19. Qxd4 f6 20. Rc1
Kh8 21. Nd2 Nxd2 22. Qxd2 Rd8 23. Qe2 Qd6 1/2-1/2

[Event "Aarhus Sommer"]
[Site "Aarhus"]
[Date "2010.07.12"]
[Round "3"]
[White "Lahlum, Hans Olav"]
[Black "Berg, Klaus"]
[Result "0-1"]
[WhiteElo "2230"]
[BlackElo "2423"]
[PlyCount "82"]
[EventDate "2010.07.10"]
[EventType "tourn"]
[EventRounds "9"]
[EventCountry "DEN"]
[EventCategory "4"]
[SourceTitle "CBM 137 Extra"]
[Source "ChessBase"]
[SourceDate "2010.09.01"]

1. d4 Nf6 2. c4 e6 3. Nc3 Bb4 4. Qc2 O-O 5. a3 Bxc3+ 6. Qxc3 d5 7. Bg5 c5 8.
cxd5 cxd4 9. Qxd4 Nc6 10. Qc3 exd5 11. Bxf6 gxf6 12. Nf3 d4 13. Qd2 Re8 14. Rd1
Bf5 15. Nxd4 Nxd4 16. Qxd4 Qxd4 17. Rxd4 Rac8 18. f3 Rc2 19. Rd2 Rxd2 20. Kxd2
Rd8+ 21. Ke3 Rc8 22. g4 Be6 23. Kd3 Bc4+ 24. Kd4 Bb5 25. e4 Rc1 26. Bg2 Rc2 27.
Rg1 Rxb2 28. Kc3 Ra2 29. Kb4 Bc6 30. h4 Rf2 31. Kc4 Kf8 32. Kc5 Ke7 33. Kd4 Ra2
34. g5 Rxa3 35. Bh1 Ra2 36. gxf6+ Kxf6 37. Bg2 a5 38. f4 Ke7 39. Bf3 a4 40. Bh5
a3 41. Kc4 Rh2 0-1

[Event "Aarhus Sommer"]
[Site "Aarhus"]
[Date "2010.07.14"]
[Round "5"]
[White "Lahlum, Hans Olav"]
[Black "Rasmussen, Karsten"]
[Result "1/2-1/2"]
[WhiteElo "2230"]
[BlackElo "2446"]
[PlyCount "79"]
[EventDate "2010.07.10"]
[EventType "tourn"]
[EventRounds "9"]
[EventCountry "DEN"]
[EventCategory "4"]
[SourceTitle "CBM 137 Extra"]
[Source "ChessBase"]
[SourceDate "2010.09.01"]

1. d4 Nf6 2. c4 d6 3. Nc3 Nbd7 4. e4 e5 5. d5 Nc5 6. f3 a5 7. Be3 Be7 8. Nge2
O-O 9. Qd2 Ne8 10. g4 h6 11. O-O-O Bg5 12. Ng3 g6 13. Be2 Bxe3 14. Qxe3 Qh4 15.
Rdg1 Kh7 16. Qd2 Bd7 17. Nd1 Ng7 18. Ne3 b5 19. cxb5 Rfb8 20. Ng2 Qd8 21. Ne1
Bxb5 22. Bxb5 Rxb5 23. Nd3 Nxd3+ 24. Qxd3 Rab8 25. Rg2 c6 26. dxc6 Ne6 27. Rd2
Qb6 28. Qa3 Qxc6+ 29. Kb1 Qb6 30. Ne2 Ng5 31. Rf1 Rb4 32. Ka1 Qb5 33. Rfd1 Kg7
34. Nc3 Qc4 35. Qxa5 Nxf3 36. Rf2 Ng5 37. a3 Nxe4 38. Nxe4 Qxe4 39. Qc7 Qc4 40.
Qxd6 1/2-1/2

[Event "Aarhus Sommer"]
[Site "Aarhus"]
[Date "2010.07.17"]
[Round "8"]
[White "Lahlum, Hans Olav"]
[Black "Andersen, Jackie"]
[Result "1/2-1/2"]
[WhiteElo "2230"]
[BlackElo "2276"]
[PlyCount "41"]
[EventDate "2010.07.10"]
[EventType "tourn"]
[EventRounds "9"]
[EventCountry "DEN"]
[EventCategory "4"]
[SourceTitle "CBM 137 Extra"]
[Source "ChessBase"]
[SourceDate "2010.09.01"]

1. d4 g6 2. c4 Bg7 3. Nc3 d6 4. e4 Nd7 5. Be3 a6 6. Qd2 c6 7. Bd3 e5 8. Nge2
Ngf6 9. f3 O-O 10. d5 cxd5 11. cxd5 b5 12. O-O Nh5 13. Kh1 f5 14. exf5 gxf5 15.
Bxf5 Rxf5 16. g4 Rxf3 17. Rxf3 Nhf6 18. Bh6 Bb7 19. Qg5 Ne8 20. Qxd8 Rxd8 21.
Bxg7 1/2-1/2

[Event "Aarhus Sommer"]
[Site "Aarhus"]
[Date "2010.07.15"]
[Round "6"]
[White "Lahlum, Hans Olav"]
[Black "Rewitz, Poul"]
[Result "1-0"]
[WhiteElo "2230"]
[BlackElo "2306"]
[PlyCount "109"]
[EventDate "2010.07.10"]
[EventType "tourn"]
[EventRounds "9"]
[EventCountry "DEN"]
[EventCategory "4"]
[SourceTitle "CBM 137 Extra"]
[Source "ChessBase"]
[SourceDate "2010.09.01"]

1. d4 d5 2. c4 e6 3. Nc3 Nf6 4. Nf3 c6 5. e3 Nbd7 6. Bd3 dxc4 7. Bxc4 b5 8. Bd3
a6 9. e4 c5 10. e5 cxd4 11. Ne4 Nd5 12. Bg5 Qa5+ 13. Bd2 Qb6 14. O-O Bb7 15. a4
Nb4 16. Bxb4 Bxb4 17. Qb3 a5 18. axb5 O-O 19. Qd1 h6 20. Qe2 Rfd8 21. Rfd1 Nf8
22. Nfd2 Ng6 23. Nc4 Qc7 24. Ned6 Bxd6 25. exd6 Qc5 26. Bxg6 fxg6 27. Qxe6+ Kh7
28. Nxa5 Rxa5 29. Rxa5 Rxd6 30. Qe1 Rd5 31. b4 Qb6 32. f3 h5 33. Qf2 Bc8 34.
Ra2 Bf5 35. Rad2 Rxb5 36. Qxd4 Rxb4 37. Qxb6 Rxb6 38. Rc1 Rb7 39. Kf2 Rf7 40.
h4 Ra7 41. Rd8 Ra4 42. Kg3 g5 43. hxg5 h4+ 44. Kf2 Ra2+ 45. Kg1 h3 46. g4 Rg2+
47. Kh1 Bc2 48. Rg1 Rf2 49. Rg3 Kg6 50. Rxh3 Kxg5 51. Rh2 Rf1+ 52. Kg2 Ra1 53.
Kg3 Bb3 54. Rd6 Rg1+ 55. Kf2 1-0

[Event "Aarhus Sommer"]
[Site "Aarhus"]
[Date "2010.07.17"]
[Round "8"]
[White "Matthiesen, Arne"]
[Black "Matthiesen, Martin"]
[Result "1/2-1/2"]
[WhiteElo "2321"]
[BlackElo "2304"]
[PlyCount "25"]
[EventDate "2010.07.10"]
[EventType "tourn"]
[EventRounds "9"]
[EventCountry "DEN"]
[EventCategory "4"]
[SourceTitle "CBM 137 Extra"]
[Source "ChessBase"]
[SourceDate "2010.09.01"]

1. Nf3 Nf6 2. c4 e6 3. d4 d5 4. Nc3 Be7 5. Bf4 O-O 6. e3 Nbd7 7. c5 c6 8. h3 b6
9. b4 a5 10. a3 Ba6 11. Bxa6 Rxa6 12. O-O Qc8 13. Qe2 1/2-1/2

[Event "Aarhus Sommer"]
[Site "Aarhus"]
[Date "2010.07.15"]
[Round "6"]
[White "Matthiesen, Arne"]
[Black "Colovic, Aleksandar"]
[Result "1/2-1/2"]
[WhiteElo "2321"]
[BlackElo "2452"]
[PlyCount "148"]
[EventDate "2010.07.10"]
[EventType "tourn"]
[EventRounds "9"]
[EventCountry "DEN"]
[EventCategory "4"]
[SourceTitle "CBM 137 Extra"]
[Source "ChessBase"]
[SourceDate "2010.09.01"]

1. d4 Nf6 2. Nf3 d5 3. c4 e6 4. e3 c5 5. cxd5 Nxd5 6. Nc3 Nc6 7. Bd3 Be7 8. O-O
O-O 9. Nxd5 Qxd5 10. dxc5 Rd8 11. Be2 Qxc5 12. Bd2 Qb6 13. Qb3 Qxb3 14. axb3 e5
15. Bc3 f6 16. Bc4+ Kf8 17. Rfd1 Bg4 18. Bd5 Rd7 19. h3 Rad8 20. hxg4 Rxd5 21.
Rxd5 Rxd5 22. Kf1 Rb5 23. Nd2 Kf7 24. Ke2 Ke6 25. Kd3 a6 26. Rh1 h6 27. Kc2 Rd5
28. Ne4 Bf8 29. Ra1 Be7 30. Rh1 Rd8 31. Ng3 Rd7 32. Ne4 Rc7 33. Kd3 Bf8 34. Ra1
g6 35. Ng3 Rd7+ 36. Ke2 Rd5 37. Ne4 Rb5 38. Nd2 Be7 39. Rh1 Bf8 40. Ra1 Rd5 41.
Ra4 Rd7 42. Nf3 Rh7 43. e4 h5 44. gxh5 Rxh5 45. Rc4 Rh1 46. Be1 Be7 47. Rc2 f5
48. Kd3 Bd8 49. Re2 f4 50. Bc3 g5 51. Re1 Rh7 52. g4 fxg3 53. fxg3 g4 54. Nd2
Rh3 55. Nf1 Bb6 56. Re2 Rh1 57. Ne3 Bxe3 58. Rxe3 Kd6 59. Re2 Rg1 60. Re3 Kc5
61. Ke2 Rg2+ 62. Kf1 Rc2 63. Re2 Rc1+ 64. Re1 Rxe1+ 65. Kxe1 Nd4 66. Kf2 b5 67.
Ke3 Nc6 68. Kd3 b4 69. Be1 Na5 70. Bf2+ Kb5 71. Kc2 Nb7 72. Kd3 Na5 73. Kc2 Nb7
74. Kd3 a5 1/2-1/2

[Event "Aarhus Sommer"]
[Site "Aarhus"]
[Date "2010.07.13"]
[Round "4"]
[White "Matthiesen, Arne"]
[Black "Lahlum, Hans Olav"]
[Result "1/2-1/2"]
[WhiteElo "2321"]
[BlackElo "2230"]
[PlyCount "42"]
[EventDate "2010.07.10"]
[EventType "tourn"]
[EventRounds "9"]
[EventCountry "DEN"]
[EventCategory "4"]
[SourceTitle "CBM 137 Extra"]
[Source "ChessBase"]
[SourceDate "2010.09.01"]

1. e4 e6 2. d4 d5 3. Nd2 c5 4. exd5 Qxd5 5. Ngf3 cxd4 6. Bc4 Qd6 7. O-O Nf6 8.
Nb3 Nc6 9. Nbxd4 Nxd4 10. Nxd4 a6 11. Re1 Qc7 12. Qe2 Bd6 13. Bg5 O-O 14. Bd3
Nd5 15. Qe4 g6 16. Bh6 Rd8 17. Nf3 Bf4 18. Bxf4 Nxf4 19. Bf1 b6 20. Ne5 Nd5 21.
Rad1 Bb7 1/2-1/2